000 00524nam a22002057a 4500
003 koha_MIRAKIL
005 20231213100052.0
008 231213b |||||||| |||| 00| 0 ||| d
020 _b978-0-06-210418-2 (trade)
040 _aTR-IsEVY
_btur
_cTR-IsEVY
082 _a420 WİL/G
100 _aWillems, Mo.
245 0 _aGoldilocks and the three dinosaurs
250 _a1st ed.
260 _bBalzer + Bray,
_c2012
300 _a[34] p.
650 _aDinosaurs
650 _aDinosaurs -- Fiction.
942 _2ddc
_cBK
999 _c14005
_d14005